[Event "RUS-chT 05th"]
[Site "Maikop"]
[Date "1998.06.03"]
[Round "1"]
[White "Drozdov, Igor"]
[Black "Kozak, Alexander"]
[Result "1/2-1/2"]
[WhiteElo "2440"]
[BlackElo "2365"]
[Annotator "Ribli,Z"]
[PlyCount "48"]
[EventDate "1998.06.03"]
[EventType "team-tourn"]
[EventRounds "11"]
[EventCountry "RUS"]
[SourceTitle "CBM 066"]
[Source "ChessBase"]
[SourceDate "1998.09.30"]
[SourceVersion "1"]
[SourceVersionDate "1998.09.30"]
[SourceQuality "1"]
[WhiteTeam "Noyabrsk Yamal"]
[BlackTeam "Elista Uralan"]
[WhiteTeamCountry "RUS"]
[BlackTeamCountry "RUS"]

1. e4 c5 2. Nf3 e6 3. d4 cxd4 4. Nxd4 a6 5. Be2 {Die Alternativen dieses Zuges,
den ich nicht empfehle, sind 5.Bd3, 5.Nc3 und 5.c4. Ribli.} Nf6 6. Nc3 (6. Nd2
{[%csl Rd2]} Qc7 7. O-O Bc5 8. N2b3 Ba7 $11) 6... Qc7 {Mit diesem Zug geht
Schwarz in die Hauptvarianten über. Das ist nicht schlecht, aber der Läuferzug
6...Bb4 wäre viel stärker.} (6... Bb4 $5 7. Qd3 (7. e5 Ne4 $15 {[%csl Gb4,Rc3,
Re1,Ge4]})) 7. O-O b5 $6 (7... Bb4 8. Bd2 Bxc3 9. Bxc3 Nxe4 10. Bb4 $44 {
[%cal Gb4f8]}) 8. Bf3 {Der Läufer steht etwas unnatürlich vor dem f-Bauern,
aber Weiß schafft sofortige Drohungen.} Bb7 (8... Nc6 9. e5 $16) (8... b4 9. e5
Bb7 {Das ist unsere Partiefortsetzung mit Zugumstellung.}) 9. e5 (9. Re1 d6 {
[#]} 10. Nd5 {Das ist ein typisches Figurenopfer in der Sizilianischen
Verteidigung.} (10. a4) 10... exd5 11. exd5+ Kd8 12. Bg5 Nbd7 13. c4 bxc4 14.
Rc1 Ne5 15. b3 c3 16. Re3 Rc8 17. Qe1 Qb6 18. Nf5 h6 19. Bxf6+ gxf6 20. Kh1 c2
21. Be4 Rc5 {1-0 Jensen,B-Jakobsen,L/Karsten Kold op 1997 (33)}) 9... b4 {
In der Paulsen Variante ist dies ein typischer Gegenangriff.} (9... Ng8 10. Be3
Nc6 11. Bxc6 dxc6 12. Qh5 g6 13. Qg5 c5 14. Nb3 c4 15. Nd4 Bg7 16. f4 Ne7 17.
Rad1 Nd5 18. Nxd5 Bxd5 19. h4 Qe7 20. Qg3 Bh6 21. Rf2 Qb7 22. Rfd2 Rd8 23. Ne2
Rd7 24. Nc3 Bc6 25. Rxd7 Bxd7 26. Bc5 Bf8 27. Qe3 {1-0 Ipavec,P-Orel,S/SLO-chW
1994 (49)}) (9... Bxf3 $2 10. Qxf3 $18 {[%cal Re5f6,Rf3a8]}) 10. exf6 (10. Ncb5
$1 axb5 11. exf6 gxf6 12. Nxb5 Qb6 13. Bxb7 Qxb7 14. Nd6+ Bxd6 15. Qxd6 Rg8 16.
f3 $14) 10... bxc3 11. bxc3 (11. fxg7 Bxg7 (11... cxb2 $2 12. gxh8=Q bxa1=Q 13.
Bh6 $18 {[%csl Ra1,Rf8]}) 12. bxc3 O-O (12... Bxf3 13. Qxf3 Nc6 14. Bf4 $16)
13. Rb1 Bxf3 14. Qxf3 d5 15. Qh3 Nc6 16. Ne2 Ne5 17. Bh6 Qc4 {1/2-1/2 Gerber,
P-Bletz,H/BL2-SW 1991 (29)}) 11... gxf6 12. Rb1 Nc6 (12... Bxf3 13. Qxf3 Nc6
14. Nxc6 Qxc6 15. Qxc6 dxc6 16. Rd1 Rd8 17. Rxd8+ Kxd8 18. Rb7 Bd6 19. Be3 Kc8
20. Rxf7 Be5 21. Bd4 Rd8 22. Rxh7 c5 23. f4 Bxd4+ 24. cxd4 Rxd4 {Castejon-Vall
de Vilaramo,J/Barbera op 1993/1/2-1/2 (51)}) 13. Bf4 $5 Qxf4 14. Rxb7 $14 {
[%csl Re8,Gf3][%cal Gf3a8] Weiß hat großen Entwicklungsvorsprung, während der
schwarze König in der Mitte schlecht steht.} Nxd4 (14... Ne5 15. Rxd7 $16 {
[%cal Rf3a8]}) 15. cxd4 Rc8 (15... Bd6 16. g3 Qg5 17. c4 $16 {[%csl Gb7,Re8,
Gf3] Weiß hat eine schöne Angriffsstellung.}) 16. d5 $6 (16. Qd3 $16 {[%csl
Ra6,Gd3,Re8] Weiß droht 17.Qxa6, aber auch 17.c4 mit großem positionellem
Übergewicht.}) 16... Qa4 $8 {[%csl Ga4][%cal Ga4d7] Die Dame verteidigt den
Punkt d7 und im Falle von c2-c3 oder c2-c4 könnte Schwarz die Damen tauschen.}
17. Bh5 $6 (17. c3 $5 Qxd1 18. Rxd1 {[%csl Gb7,Gd1,Re8]} e5 19. Bg4 Rd8 20. Ra7
$16) (17. c4 $5) 17... Be7 18. dxe6 dxe6 19. Bxf7+ $6 {Weiß verfügt hier über
viele gute Möglichkeiten und so ist es zumindest für mich eine große
Überraschung, daß er sich mit Dauerschach zufrieden gibt.} (19. c3 Qc6 (19...
Qxd1 20. Rxd1 {[%csl Re8][%cal Rd1d7,Rb7h7]} Kf8 21. Rdd7 Re8 22. Be2 a5 23.
Ra7 $16) 20. Bf3 Qd6 21. Qa4+ Kf8 22. Rd1 $16 {[%csl Ga4,Gb7,Gd1,Gf3]}) (19. c4
Rxc4 (19... Qxd1 20. Rxd1 Rd8 21. Rxd8+ Bxd8 22. Rxf7 $18 {[%csl Re8,Gf7,Gh5]
[%cal Gh5e8]}) (19... Qc6 20. Bf3 Qc5 21. Qa4+ Kf8 22. Qxa6 Qxc4 23. Qa7 $16 {
[%csl Ga7,Gb7,Rf8][%cal Ra7h7]}) 20. Rb8+ $18) 19... Kxf7 20. Qh5+ Kf8 21. Qh6+
$11 (21. Rd1 Qxc2 (21... Qf4 $5) 22. Qh6+ Kg8 $19) 21... Kf7 22. Qh5+ Kf8 23.
Qh6+ Kf7 24. Qh5+ Kf8 {und Remis wegen dreimaliger Stellungswiederholung.}
1/2-1/2

[Event "Tan Chin Nam Cup 4th"]
[Site "Beijing"]
[Date "1998.06.18"]
[Round "11"]
[White "Tiviakov, Sergei"]
[Black "Kudrin, Sergey"]
[Result "1/2-1/2"]
[WhiteElo "2640"]
[BlackElo "2565"]
[Annotator "Ribli,Z"]
[PlyCount "71"]
[EventDate "1998.06.08"]
[EventType "tourn"]
[EventRounds "11"]
[EventCountry "CHN"]
[EventCategory "12"]
[SourceTitle "CBM 066"]
[Source "ChessBase"]
[SourceDate "1998.09.30"]
[SourceVersion "1"]
[SourceVersionDate "1998.09.30"]
[SourceQuality "1"]

1. e4 c5 2. Nf3 e6 3. d4 cxd4 4. Nxd4 a6 5. Nc3 Qc7 6. Bd3 Nf6 7. O-O Bc5 {
Das ist eine relativ selten gespielte Fortsetzung. Schwarz möchte den Springer
vertreiben und es scheint, er verlöre nach 8.Nb3 (wie in der Partie) 8...Be7
ein Tempo, aber der weiße Springer steht auf b3 nicht so gut. Ribli.} (7... Nc6
8. Be3 {Das ist die Grundstellung der Hauptvariante. Schwarz hat hier viele
Moeglichkeiten : 8...h5, 8...Ne5, 8...b5, 8...Nxd4 oder 8...d6.}) 8. Nb3 (8.
Be3 O-O 9. Qe2 b5 10. Nb3 Be7 11. f4 d6 12. Bf2 Bb7 13. e5 Nd5 14. Nxd5 Bxd5
15. Rae1 Nc6 16. c3 g6 17. Kh1 Rad8 18. Bg3 Qb7 19. Nc1 Rd7 {1/2-1/2 Tiviakov,
S-Agrest,E/Corsica Rapid, Bastia FRA 1997 (24)}) 8... Be7 (8... Ba7 {Dieser
Zug ist zweischneidiger als die Partiefortsetzung, aber in einigen Varianten
fehlt der Läufer am Königsflügel.}) 9. f4 d6 10. Qf3 {Das ist das normale Feld
für die Dame. Sie kann nach g3 oder h3 schwenken.} (10. a4 $5 Nc6 11. Be3 Nb4
12. a5 Nd7 13. Qd2 Nxd3 14. cxd3 O-O 15. Rac1 Qd8 16. Na4 Nf6 17. Nb6 Rb8 18.
h3 Bd7 19. Nd4 Be8 20. Rc2 $14 {Kindermann,S-Vidarsson,J/VISA GP 1998/1-0 (45)}
) 10... Nbd7 {Eine flexible Aufstellung für den Springer. Er strebt nach b6
oder c5, kann aber auch im Falle von weißem f4-f5 nach e5 gelangen.} 11. Bd2 (
11. g4 h6 12. h4 g6 13. g5 hxg5 14. hxg5 Nh5 15. Be3 b6 16. e5 Bb7 17. exd6
Bxf3 $5 18. dxc7 Bb7 19. Be4 Bxe4 20. Nxe4 Rc8 21. Rad1 Rxc7 22. Rf2 $1 Rc4 $1
$132 {0-1 Hjartarson,J-Agrest,E/Stockholm 1996 (40)}) (11. Kh1 b6 $5 12. Bd2
Bb7 13. Rae1 g6 14. Qg3 h6 $5 $146 (14... h5 15. Nd4 O-O-O 16. Nf3 Kb8 17. Ng5
$13 {Minasian,A-Lein,A/Las Vegas op/1993/}) 15. Re2 $6 O-O-O {King: Chernin's
play in the opening was noteworthy as he delayed castling for some time, only
committing his king when he felt it was safe to do so. It is unusual, though
not unheard of, to castle queenside in such Sicilian positions.} 16. a4 Kb8 17.
Na2 Nc5 {0-1 Roth,P-Chernin,A/Vienna Bawag 1996 (30)}) (11. a4 b6 12. Bd2 (12.
Be3 Bb7 13. g4 d5 14. g5 dxe4 15. Nxe4 Nxe4 16. Bxe4 Bxe4 17. Qxe4 Rc8 18. c3
O-O {1/2-1/2 Kristiansen,J-Emms,J/Esbjerg 1996 (37)}) 12... Bb7 13. Rae1 O-O
14. Qh3 Rad8 15. f5 (15. g4 d5 16. exd5 Bc5+ 17. Be3 exd5 18. g5 Ne4 19. Nxc5
Ndxc5 20. Bd4 Rfe8 21. Re3 Bc8 22. f5 Qd6 23. Qh4 Nxd3 24. Rh3 Bxf5 25. Rxf5
Qg6 {0-1 Tischbierek,R-Bischoff,K/Hannover 1991 (40)}) 15... exf5 16. Nd5 Nxd5
17. exd5 Ne5 18. Nd4 Bf6 19. Nxf5 Nxd3 20. Qxd3 Qc5+ 21. Be3 Qxd5 22. Qxd5 Bxd5
23. Nh6+ gxh6 24. Rxf6 Rfe8 25. Rxh6 b5 {1/2-1/2 Mainka,R-Bischoff,K/Baden
Baden-B 1992 (30)}) (11. Be3 $6 b6 $11 {[%csl Re3] Der weiße Läufer steht auf
e3 nicht so gut. Er erschwert dem Weißen den Vorstoß e4-e5.}) 11... b6 (11...
b5 {Dieser aggressive Zug bietet Weiß Chancen am Damenflügel.} 12. a4 b4 (12...
bxa4 13. Rxa4 $14 {[%csl Ra6][%cal Gf1a1,Ga1a6]}) 13. Ne2 $14) 12. Rae1 (12.
Qg3 g6 13. e5 Nh5 14. Qf3 Bb7 15. exd6 Bxd6 16. Be4 O-O-O 17. Bxb7+ Qxb7 18.
Ne4 Be7 19. Bc3 Nhf6 20. Rae1 Rhf8 {Akopian,V-Kamsky,G/Palma de Mallorca GMA
1989/0-1 (69)}) 12... Bb7 {[%cal Gb7g2]} 13. Qh3 {[%csl Re8,Gh3] Das ist auch
ein typisches Manöver. In einigen Varianten gewinnt der Vorstoß f4-f5 am Kraft,
denn der schwarze Damenläufer hat die Diagonale c8-h3 verlassen. Andererseits
beäugt die weiße Dame den Punkt h7 im Falle von ...0-0.} (13. Qg3 g6 14. Qh3 b5
15. f5 gxf5 16. exf5 e5 17. Rf2 Rg8 $40 {Tilak,S-Emms,J/London Lloyds/1994/
EXP43/}) 13... e5 $1 $13 {Mit diesem Zug vermeidet der Schwarze den Vorstoß
e4-e5 dauerhaft. Dem weißen Springer b3 und dem weißen Läufer d3 sind so die
aktiven Möglichkeiten genommen.} (13... O-O 14. e5 dxe5 15. fxe5 Nxe5 16. Bf4 {
[%csl Re5][%cal Rf4c7]} (16. Rxe5 Qxe5 17. Rxf6 $16 {[%csl Rg8,Rh7][%cal Rh3h7,
Rd3h7]}) (16. Rxf6 $2 Nxd3 $19) 16... Bd6 17. Bxe5 Bxe5 18. Rxf6 $18 {[%cal
Rh3h7,Rd3h7]}) 14. Kh1 {Ein nützlicher Wartezug. Weiß hält die Spannung
aufrecht.} (14. f5 O-O $13) (14. fxe5 dxe5 $11 (14... Nxe5)) 14... O-O (14...
exf4 15. Bxf4 Ne5) 15. Nd5 $5 Bxd5 (15... Nxd5 $6 16. exd5 $14 {[%csl Rb7,Gd3,
Gh3,Rh7] Es droht Matt auf h7. Weiß läßt c2-c4 folgen und der schwarze Läufer
b7 ist ausgesperrt.}) 16. exd5 Rfe8 {Weiß besitzt das Läuferpaar, aber das
geschlossene Zentrum ist eher von Vorteil für die Springerpartei.} 17. fxe5 (
17. c4 $5 e4 18. Bxe4 Qxc4 19. Bxh7+) 17... dxe5 (17... Nxe5 $11 18. Rxf6 $2 {
[%csl Rg8,Rh7]} Nxd3 $19) 18. c4 {Weiß besitzt das Läuferpaar und Raumvorteil,
aber Schwarz hat keine Schwächen und die weißen Zentrumsbauern sind leicht zu
blockieren.} a5 {[%csl Rb3] Schwarz droht in einigen Varianten, den Springer
b3 zu vertreiben. Die Schwächung des Feldes b5 ist ohne Bedeutung, Weiß kann
es nicht erreichen.} (18... b5 $5 19. cxb5 (19. Ba5 Qd6) 19... axb5 20. Bxb5
Rxa2 $13) 19. Qg3 {[%cal Gg3g8]} (19. Re2) 19... Nh5 $11 20. Qf3 (20. Bxh7+ $2
Kxh7 21. Qh3 Ndf6 (21... g6 $2 22. Rxf7+ Kg8 23. Qe6 $16 {[%csl Rg8]}) 22. g4
Qxc4 23. gxh5 a4 (23... Nxd5 $17) 24. Nc1 Qxd5+ 25. Qg2 Qxg2+ 26. Kxg2 Rad8 $17
) 20... Nhf6 21. Qg3 Nh5 22. Qf3 (22. Qf2) 22... Nhf6 {Wir haben dieselbe
Stellung wie nach 18...a5.} 23. Bf5 {Weiß geht der dreimaligen
Stellungswiederholung aus dem Weg.} Rad8 (23... Qxc4 24. Bxd7 (24. Rc1 Qb5 $15)
24... Nxd7 25. Qxf7+ $14) 24. Bg5 h6 (24... Qxc4 $5 25. Bxd7 Rxd7 26. Rxe5 $11
{Weiß steht aktiv, schafft aber keine besonderen Drohungen. Sein d-Bauer ist
schwach und auch um den Springer b3 ist es nicht gut bestellt.}) 25. Bxd7 (25.
Bh4 $2 Qxc4 26. Bxd7 Rxd7 {[%cal Rc4h4]}) 25... Rxd7 26. Bxf6 Bxf6 {Nach den
Vereinfachungen ist eine ruhige Stellung entstanden. Die weiße Bauernmehrheit
am Damenflügel ist festgelegt, während der weiße Springer auf b3 noch immer
schlecht steht. Aber auch der eingesperrte schwarze Läufer f6 hat keine große
Zukunft.} 27. Qg4 {[%csl Rf6,Rg8][%cal Rf1f6]} (27. Qe4 $5 $11) 27... h5 28.
Qf5 $6 (28. Qxh5 $6 Qxc4 $15 {[%csl Rd5]}) (28. Qe4 {Die Dame ist für
gewöhnlich nicht die geeignetste Blockadefigur, aber in dieser Stellung ist es
sehr wichtig, den e-Bauern zu blockieren.}) 28... e4 $1 {[%csl Gf6][%cal Rf6b2]
} 29. Rxe4 (29. Re2 Re5 (29... Qxc4 $2 30. Qxd7 Rd8 (30... Qxe2 31. Qxe8+ $18)
31. Qxd8+ Bxd8 32. Rfe1 $15) 30. Qf2 Qxc4 $17) 29... Rxe4 30. Qxe4 Bxb2 {
[%csl Gb2,Rb3]} 31. Nd2 (31. Qe8+ Kh7 32. Qe2 {[%csl Rh7][%cal Re2h5,Re2b2]}
Qe5 33. Qxe5 Bxe5 34. Rf5 f6 35. Rxh5+ Kg6 $44 {[%csl Rb3,Ge5] Weiß hat einen
Mehrbauern, aber der schwarze Läufer dominiert das Brett und der Springer auf
b3 steht schrecklich.}) 31... Qe5 32. Qxe5 Bxe5 $15 {[%csl Rc4,Rd2,Ge5]
Schwarz besitzt den aktiven Läufer, während der weiße Bauer c4 schwach ist.}
33. Rf5 {[%cal Rf5h5,Rf5e5]} Bc3 34. Nf3 g6 {[%csl Rf5]} 35. Rf4 b5 (35... f5 {
[%cal Gg8f7,Gf7f6]}) 36. g3 {und es wurde Remis vereinbart. Meines Erachtens
besitzt Schwarz trotz des reduzierten Materials noch leichtes Übergewicht,
denn sein Läufer ist stark und der weiße Turm steht auf f4 nicht so gut.} (36.
cxb5 Rxd5 {[%cal Rd5d1]} 37. h3 Rxb5 $17) (36. g3 b4 $15 {[%csl Ga5,Gb4]} (
36... bxc4 37. Rxc4 Bb4 38. Rd4 $11)) 1/2-1/2

[Event "Prerov Friendship GM"]
[Site "Prerov"]
[Date "2001.12.08"]
[Round "5"]
[White "Antoniewski, Rafal"]
[Black "Berzinsh, Roland"]
[Result "0-1"]
[WhiteElo "2446"]
[BlackElo "2464"]
[Annotator "Ribli,Z"]
[PlyCount "70"]
[EventDate "2001.12.04"]
[EventType "tourn"]
[EventRounds "11"]
[EventCountry "CZE"]
[EventCategory "9"]
[SourceTitle "CBM 087"]
[Source "ChessBase"]
[SourceDate "2002.03.21"]
[SourceVersion "1"]
[SourceVersionDate "2002.03.21"]
[SourceQuality "1"]

1. Nf3 c5 2. e4 {Diese Zugfolge ist durchaus untypisch.} e6 3. d4 cxd4 4. Nxd4
a6 5. Nc3 b5 6. Bd3 Qb6 {Schwarz greift den Nd4 an. Im Falle von 7.Nb3 kann
Schwarz 7...Qc7 spielen, und der Springer steht auf b3 nicht so aktiv wie auf
d4.} 7. Be3 Bc5 8. Be2 Nc6 9. Nxc6 dxc6 (9... Bxe3 10. fxe3 dxc6 11. Qd4 Qxd4
12. exd4 $14 {Das wäre die Alternative, aber hier hat Weiß - dank seines
Übergewichts im Zentrum - kleinen, aber dauerhaften Vorteil.}) 10. Bxc5 Qxc5
11. Qd3 {[%cal Gd3g3] Dieser Zug ermöglicht Weiß die lange Rochade, oder auch
den Zug Qg3.} Nf6 12. f4 e5 {Schwarz darf seinen Gegner nicht zu 13.e4-e5
kommen lassen.} 13. f5 O-O (13... Ra7 {[%cal Ga7d7] Dieser Zug ist ebenfalls
spielbar. In der Folge kann Schwarz seinen König in der Mitte belassen, da das
Zentrum geschlossen ist.} 14. O-O-O Rd7 15. Qf3 Ke7 (15... h5 16. h3 h4 17. g4
Nh7 18. Bd3 Ng5 19. Qe2 Ke7 20. Kb1 Rhd8 21. Rdf1 Rd6 22. Qe1 Rh8 23. Nd1 Qb6
24. Ne3 Bd7 25. Qf2 Kd8 26. Rd1 Kc7 {0-1 Beshukov,S-Newerovski,G/Smolensk 2000/
CBM 77 (62)}) 16. Rxd7+ Bxd7 17. Rd1 h5 18. Qd3 a5 19. Bf3 Bc8 20. Qd2 Ba6 21.
g3 {1-0 De Firmian,N-Stripunsky,A/Seattle USA 2002/(36)}) (13... Bb7 $6 14.
O-O-O Ke7 $6 15. g4 Rhd8 16. Qf3 b4 17. Na4 Qa5 18. b3 c5 19. g5 $1 {1-0
Svidler,P-Kasimdzhanov,R/Wijk aan Zee 1999/CBM 69/[Ribli] (32)}) 14. O-O-O a5 {
Die Zentrumsstellung ist geschlossen. Weiß hat Raumvorteil und einige
Angriffschancen am Königsflügel, während Schwarz sein Glück am Damenflügel
suchen muss.} (14... Ra7 {Wie schon im 13.Zug kommt auch hier das Turmmanöver
Ra7-Rd7 in Betracht.} 15. g4 Rd7 16. Qf3 Rfd8 17. g5 (17. Bd3 a5 (17... Ne8 18.
Rhe1 Nd6 19. Qe2 Nb7 20. Kb1 Qe7 21. Qe3 Nc5 22. g5 Nxd3 23. cxd3 Bb7 24. Rd2
c5 {0-1 Jonsson,B-Landa,K/Reykjavik 1999/EXT 2000 (73)}) 18. g5 Ne8 19. h4 a4
20. a3 b4 {0-1 Yagupov,I-Kobalija,M/St Petersburg 2001/EXT 2002 (52)}) 17...
Rxd1+ 18. Rxd1 (18. Nxd1 Ne8 19. Nf2 Qe7 20. Rg1 c5 21. Qe3 c4 22. c3 Bb7 23.
f6 Qc7 24. fxg7 Nxg7 25. Ng4 {1-0 Balinov,I-Hoffmann,M/Budapest 1999/CBM 69
ext (38)}) 18... Rxd1+ 19. Nxd1 Nd7 20. Qe3 h6 21. gxh6 Qxe3+ 22. Nxe3 gxh6 23.
Ng4 Kg7 24. b4 {1/2-1/2 Ye Jiangchuan-Van Wely,L/Moscow RUS 2001/(59)}) 15. g4
(15. Bf3 Ba6 16. Rhe1 Ra7 17. Qd6 Qxd6 18. Rxd6 Rc8 19. g4 Rd7 20. Red1 Rxd6
21. Rxd6 Kf8 22. a3 Ke7 23. Rd1 h6 {1/2-1/2 Lauk,U-Kveinys,A/Puhajarve EST
2001/(36)}) 15... a4 16. g5 (16. a3 b4 $36) 16... Nd7 17. a3 (17. Rd2 b4 18.
Nd1 Ba6 19. Qxd7 Bxe2 20. Kb1 (20. Rxe2 Rfd8 21. Qc7 (21. Qb7 Ra7 22. Rd2 Re8
$19) 21... Rdc8 $11) 20... Bf3 21. Re1 a3 {0-1 Peng Xiaomin-Xu Jun/Udaipur
2000/EXT 2001 (37)}) 17... b4 $36 {[%mdl 4] Schwarz möchte die Stellung am
Damenflügel öffnen - es scheint mir, dass der schwarze Angriff schneller ist.}
18. axb4 (18. Nb1 Rb8 $36) 18... Qxb4 19. Qc4 Qb6 {Schwarz muss die Damen auf
dem Brett halten. Zum einen würde sein Angriff nach dem Abtausch verpuffen,
zum anderen steht die weiße Dame auf c4 recht exponiert und kann evtl durch
Ba6 vertrieben werden.} (19... Qxc4 20. Bxc4 $16 {[%cal Gc4g8]}) 20. g6 (20.
Nxa4 $2 Qe3+ 21. Kb1 (21. Rd2 Nc5 $1 {Nun hängt der Na4, und es droht 22...
Nxe4.} 22. Qxc5 Qxc5 23. Nxc5 Ra1#)) 20... Nc5 $1 {[%csl Gc5]} (20... Ba6 21.
Qa2 Nf6 $13) 21. gxf7+ Kh8 (21... Rxf7 $4 22. Bh5 $18) 22. Rhe1 (22. f6 $2 Be6
23. fxg7+ Kxg7 24. Rhg1+ Kh8 $19) (22. Qa2 Nxe4 (22... a3 $5) 23. Nxe4 Qe3+ 24.
Nd2 (24. Rd2 Qxe4 $15) 24... Qxe2 $15) 22... Ba6 (22... a3) 23. Qa2 {[#]} Nb3+
$1 {[%mdl 512]} 24. cxb3 $2 {Weiß sollte das Opfer besser ablehnen. Nun
bekommt Schwarz starken Angriff.} (24. Kb1 Bxe2 (24... Nd4 25. Bxa6 Qxa6 $13 (
25... Rxa6 $13)) 25. Nxe2 (25. Rxe2 Nd4 $15) 25... Nc5 $15) 24... axb3 25. Qb1
Qe3+ 26. Rd2 Rad8 27. Red1 (27. Nd5 cxd5 $19) 27... Bxe2 28. Nxe2 h6 $17 {
Schwarz hat alle Zeit der Welt, denn sein Gegner befindet sich eigentlich
schon in Zugzwang.} (28... Rxd2 29. Rxd2 Qc5+ 30. Nc3 (30. Kd1 Qf2 {[%cal
Rf2f1,Rf1d1]} 31. Kc1 Qe1+ 32. Rd1 Qxe2 33. Qd3 Qxh2 34. Qxb3 Qf4+ 35. Rd2 Qxe4
)) 29. Qa1 Ra8 30. Qb1 Rxf7 $19 {[%csl Rb1,Rc1,Rd2,Ge3] Weiß befindet sich
eigentlich in Zugzwang - die schwarze Drohung ist einfach: Rd7 nebst Rad8, und
Weiß kann nichts machen.} 31. Nc3 Rd7 (31... Rfa7 32. Qd3 Ra1+ 33. Nb1 Qc5+ 34.
Qc3 Rxb1+ 35. Kxb1 Ra1+ 36. Kxa1 Qa7+ 37. Kb1 Qa2+ $19) 32. h3 Rad8 {[%csl Rd2]
[%cal Re3c1]} 33. Nd5 {Auch das Springeropfer hilft nichts mehr.} cxd5 34. Qd3
Ra8 35. Kb1 (35. Qxe3 Ra1#) 35... Rda7 $1 (35... Ra1+ 36. Kxa1 Qa7+ 37. Kb1
Qa2+ 38. Kc1 Qa1+ 39. Qb1 Rc7+ $19) 0-1